Регионална библиотека "Любен Каравелов" - Русе

Стихотворения (Запис номер 28941)

MARC детайли
000 -Лидер
Контролно поле с фиксирана дължина 00996nam a2200313 c 4500
003 - Код на организацията, давaща контролен номер
Контролно поле BLK
005 - Дата и час на последна редакция
Контролно поле 20230904154021.0
008 - Елементи от данни с фиксирана дължина
fixed length control field 180407b bul|||||r ||||||| ||bul||
010 ## - Наследен системен номер
LC control number KNG00031545000
020 ## - Международен стандартен номер на книга ISBN
Международен стандартен номер на книга ISBN 954-439-555-5
-- издат.: Слово
040 ## - Източник на каталожния запис
Идентификатор на билиотеката - собственик на записа BLK
041 ## - Код за език
Код за езика на текст/звукозапис или на отделно заглавие Български
Код за езика КДБФ Български
080 ## - УДК
Текстов определител УДК Българска литература
УДК код - определител по УДК 821.163.2
УДК определител -1
УДК - код + определител 821.163.2-1
100 1# - Редна дума - Автор
Автор Вазов, Иван Минчов
Авторска отговорност първи автор
R(LIN) 363396
139 ## - Редно поле
Редна дума Вазов, Иван Минчов
Авторски знак Вазов, Ив. - В 15
245 10 - Сведения за заглавието
Заглавие Стихотворения
Редно поле (дума) Иван Минчов Вазов.
250 ## - Област на изданието
Сведения за изданието 2. изд
257 ## - Страна на издаване
Страна на създаване/издаване България
260 ## - Област на издателските данни
-- В. Търново
Име на издателя, разпространителя и проч. Слово
Година на издаване 1999
300 ## - Физическа характеристика
Страници 192 с.
Размери/Мащаб 20 см
380 ## - Жанр
Жанр Худож. лит.
490 1# - СЕРИИ (Колекции)
Име на серия Малка ученическа библиотека
852 ## - Местоположение
Форматна сигнатура Цб 199796
856 4# - Електронен адрес и достъп
Електронен формат pdf - файл
Път до файла /url/
856 4# - Електронен адрес и достъп
Електронен формат pdf - файл
Път до файла /url/
942 ## - АРТИКУЛИ
Вид на библиотечния материал Книги
Скрит в OPAC Не
Koha issues (borrowed), all copies 8
944 ## - СЪЗДАВАНЕ И РЕДАКЦИЯ на ЗАПИСА
Създаване/Редакция Създаване
Дата на регистрацията/редакция 15.01.2003
Служител, извършил регистрацията/редакцията 30530
Статус, дата на статуса Минев Младен
944 ## - СЪЗДАВАНЕ И РЕДАКЦИЯ на ЗАПИСА
Създаване/Редакция Редакция
Дата на регистрацията/редакция 05.02.2013
Служител, извършил регистрацията/редакцията
999 ## - СИСТЕМНИ КОНТРОЛНИ НОМЕРА
Koha biblionumber 28941
Koha biblioitemnumber 28941
Наличности
Код за отписване Код за изгубен артикул Код за повреда Коз за рестрикции Код за отдаване Артикулен № Име на библиотеката - собственик Име на библиотеката, в която се намира в момента Статус (Текущо местоположение) Дата на вписване в системата Местоположение - отдел Цена в лева Инвентарен номер Систематично азбучна сигнатура Баркод Номер на екземпляра Цена в евро Служебна бележка Служебен тип на артикула Източник на класификационната схема
  Не е изгубен Не е повреден без рестрикции ползва се в читалня 46514 Регионална библиотека "Любен Каравелов" Русе Регионална библиотека "Любен Каравелов" Русе Хранилище 2002-09-19 Основен фонд - ползва се само за читалня 2.00 120000672301 Цб 199796 120000672301 1 1.02 Дост: DA Вид: А N: 33 Дата: 19.09.2002 Книги  
Изтеглен Не е изгубен Не е повреден без рестрикции заемане за дома 46515 Регионална библиотека "Любен Каравелов" Русе Регионална библиотека "Любен Каравелов" Русе Заемна - подръчен фонд 2002-09-19 Заемна - подръчен фонд 2.00 120000672302 П 886.7-1/В 15 120000672302 2 1.02 Дост: DA Вид: А N: 33 Дата: 19.09.2002 Дата инв: 15.02.2018 Бележки инв: П2018 Книги Universal Decimal Classification
  Не е изгубен Не е повреден без рестрикции заемане за дома 46516 Регионална библиотека "Любен Каравелов" Русе Регионална библиотека "Любен Каравелов" Русе Заемна - подръчен фонд 2002-09-19 Заемна - подръчен фонд 2.00 120000672303 П 886.7-1/В 15 120000672303 3 1.02 Дост: DA Вид: А N: 33 Дата: 19.09.2002 Дата инв: 15.02.2018 Бележки инв: П2018 Книги  
  Не е изгубен Не е повреден без рестрикции заемане за дома 46517 Регионална библиотека "Любен Каравелов" Русе Регионална библиотека "Любен Каравелов" Русе Заемна - подръчен фонд 2002-09-19 Заемна - подръчен фонд 2.00 120000672304 П 886.7-1/В 15 120000672304 4 1.02 Дост: DA Вид: А N: 33 Дата: 19.09.2002 Бележки инв. П2018 Книги Universal Decimal Classification
Изтеглен Не е изгубен Не е повреден без рестрикции заемане за дома 46518 Регионална библиотека "Любен Каравелов" Русе Регионална библиотека "Любен Каравелов" Русе Заемна - подръчен фонд 2002-09-19 Заемна - подръчен фонд 2.00 120000672305 П 886.7-1/В 15 120000672305 5 1.02 Дост: DA Вид: А N: 33 Дата: 19.09.2002 Книги Universal Decimal Classification
Vip Innovations Ltd, Rousse, Bulgaria 2025